| 000 | 00562nam a22001817a 4500 | ||
|---|---|---|---|
| 999 |
_c176363 _d176363 |
||
| 005 | 20201215160718.0 | ||
| 010 | _aENG-128682 | ||
| 020 |
_a978-93-5296-576-2 _c195.00 |
||
| 035 | _aEN-112214 | ||
| 037 | _bDBAD/PUB | ||
| 082 | _aN | ||
| 100 | _aTarun Engineer | ||
| 245 |
_aTriple Girl Friend/ _cTarun Engineer |
||
| 260 |
_aNew Delhi _bDiamond Pocket Boks (P) Ltd. _c2019 |
||
| 270 |
_bNew Delhi _e110020 _aX-30, Okhla Industrial Area, Phase-II _msales@dpb.in _k011-40712100, 41611861 _l011-41611866 |
||
| 300 |
_a159p. _c22cm(pbk) |
||
| 942 |
_2ddc _cEN _hN _mTAR |
||